| 000 | 01410nam a2200349Ia 4500 | ||
|---|---|---|---|
| 001 | ebr10288136 | ||
| 003 | CaPaEBR | ||
| 006 | m u | ||
| 007 | cr cn||||||||| | ||
| 008 | 090129s2009 dcua sb 000 0 eng d | ||
| 010 | _z 2009004091 | ||
| 020 | _z9780821378182 | ||
| 020 | _z082137818X | ||
| 040 |
_aCaPaEBR _cCaPaEBR |
||
| 035 | _a(OCoLC)393014681 | ||
| 050 | 1 | 4 |
_aRA427.8 _b.C622 2009eb |
| 245 | 0 | 0 |
_aClearing the global health fog _h[electronic resource] : _ba systematic review of the evidence on integration of health systems and targeted interventions / _cRifat Atun ... [et al.]. |
| 260 |
_aWashington, D.C. : _bWorld Bank, _cc2009. |
||
| 300 |
_ax, 67 p. : _bill. |
||
| 490 | 1 |
_aWorld Bank working paper, _x1726-5878 ; _vno. 166 |
|
| 504 | _aIncludes bibliographical references (p. 63-67). | ||
| 533 |
_aElectronic reproduction. _bPalo Alto, Calif. : _cebrary, _d2011. _nAvailable via World Wide Web. _nAccess may be limited to ebrary affiliated libraries. |
||
| 650 | 0 | _aHealth promotion. | |
| 650 | 0 | _aIntegrated delivery of health care. | |
| 650 | 0 | _aWorld health. | |
| 655 | 7 |
_aElectronic books. _2local |
|
| 700 | 1 | _aAtun, Rifat A. | |
| 710 | 2 | _aWorld Bank. | |
| 710 | 2 | _aebrary, Inc. | |
| 830 | 0 |
_aWorld Bank working paper ; _vno. 166. |
|
| 856 | 4 | 0 |
_uhttp://site.ebrary.com/lib/rucke/Doc?id=10288136 _zAn electronic book accessible through the World Wide Web; click to view |
| 999 |
_c921 _d921 |
||